000 01034nam a22003137a 4500
003 CHAP
005 20220329132925.0
008 971013s1989 r 00010 d
010 _a313
011 _a1285
035 _a461
040 _cCHAP
090 _aTesis
100 0 0 _aRodríguez Vera, Lucía.
_998951
245 _aSelección familial de girasol (Helianthus annuus L.) por contenido de aceaite y parámetros fisiotécnicos
260 _aChapingo, Méx. :
_bEl autor,
_c1989
300 _a46 h.
502 _aTesis (Ing. Agr. esp. en Fitotécnia) -- UACH. Departamento de Fitotecnia 36-21
590 _aALEPH
_b10
_c20130110
_lUCH01
_h1205
590 _aBATCH-UPD
_b10
_c20130110
_lUCH01
_h2250
590 _aBATCH-UPD
_b10
_c20130410
_lUCH01
_h1544
590 _aBATCH-UPD
_b10
_c20130914
_lUCH01
_h1543
590 _aCONVERSION
_b10
_c20130109
_lUCH01
_h1302
650 1 4 _aAceite de girasol.
_9432
650 1 4 _aGirasol
_xRendimiento.
_948171
901 _aBK
942 _cTESIS
949 _bBC
_cTES
_d-9908
_eTS1
_h22552
_i461
_si
999 _c313
_d313